000
003160000a22001330004500
003
MACL
040
_a
MACL
090
_c
1951
_d
1951
100
_a
Kochukoshy, K.K.
245
_a
The Indian National Bibliography
_b
Annual Vol.2003
260
_b
Central Reference Library
_c
2005
650
_a
Biography
942
_c
BOOK
_k
10
999
_c
1938
_d
1938